000 00617nam a22001937a 4500
999 _c8470
_d8470
003 GBCCL
005 20241126110651.0
008 210223b ||||| |||| 00| 0 eng d
020 _a0875526489 (paper)
040 _cgbc
082 _a225.92
_bBRU
100 _aBruggen, J. van,
_d1936-
_914853
245 _aPaul :
_bpioneer for Israel's Messiah /
_cJakob van Bruggen ; translated by Ed M. Van Der Maas.
260 _aPhillipsburg, N.J. :
_bP&R Pub.,
_cc2005.
300 _axix, 411 p. :
_bmaps ;
_c23 cm.
650 _aPaul,
_vthe Apostle, Saint.
_914810
650 _aApostles
_vBiography.
_914854
942 _2ddc
_cBK
_012